000
00321nam a22001457a 4500
008
210528b ||||| |||| 00| 0 eng d
020
_a
9780393020397
041
_a
eng
080
_a
336
082
_a
336
100
_a
56
101
_a
FIN
245
_a
The Annotated Huckleberry Finn
_c
Mark Twain
942
_2
udc
_c
BK
999
_c
57764
_d
57764